000 00636nam a22002177a 4500
003 OSt
005 20220107122719.0
008 130817b xxu||||| |||| 00| 0 eng d
020 _a9781466577473
040 _cIIITM-K
082 _a910.285 FAI/G
100 _aFaiz, Sami
_91626
245 _aGeographical information systems and spatial optimization
_cby Sami Fiaz, Saoussen Krichen
260 _aBoca Raton,
_bCRC Press,
_c2013.
300 _axxi, 154p.
650 _aGEOGRAPHICAL INFORMATION SYSTEMS
_91627
650 _aGIS
_91628
650 _aSPATIAL OPTIMIZATION
_91629
700 _aKrichen, Saoussen
_91630
942 _2ddc
_cBK
999 _c3199
_d3199